Statistiques concernant Focus sur: Mandos - Tolkien

Cliquez ici pour prendre le quiz!

Statistiques générales

  • Ce quiz a été pris 7 fois
  • Le résultat moyen est 5 sur 10

Statistiques - réponses

Informations recherchéesRéponses% Correct
Première apparitionLe Silmarillion
100%
EspèceVala
100%
ContréeValinor
100%
ProfessionJuge
67%
DemeureCavernes de Mandos
33%
SoeurNienna
33%
Autre nomNámo
17%
FrèreIrmo
0%
Maia associéPallando
0%
EpouseVairë
0%

Distribution des résultats

Percentile par nombre de réponses

% des personnes avec chaque résultat

Votre développement - résultats

Vous n’avez pas pris ce quiz